|
|
|
|
| LEADER |
00000nam0a2200000 4500 |
| 001 |
324724 |
| 005 |
20231102003708.0 |
| 035 |
|
|
|a (RuTPU)RU\TPU\book\350335
|
| 035 |
|
|
|a RU\TPU\book\3589
|
| 090 |
|
|
|a 324724
|
| 100 |
|
|
|a 20161121d1965 m y0rusy50 ca
|
| 101 |
0 |
|
|a rus
|a ger
|
| 102 |
|
|
|a RU
|
| 105 |
|
|
|a y j 001zy
|
| 200 |
1 |
|
|a Deutsch Lehr- und Übungsbuch
|d Практический учебник немецкого языка
|f В. В. Шлыкова [и др.]
|g под ред. М. Я. Цвиллинга
|
| 205 |
|
|
|a 2-е изд., испр. и доп.
|
| 210 |
|
|
|a Москва
|c Международные отношения
|d 1965
|
| 215 |
|
|
|a 240 с.
|
| 320 |
|
|
|a Алф. указ.: с. 229-239
|
| 510 |
1 |
|
|a Практический учебник немецкого языка
|z rus
|
| 606 |
1 |
|
|a Немецкий язык
|x Учебные руководства и пособия для вузов
|2 stltpush
|3 (RuTPU)RU\TPU\subj\45394
|9 64636
|
| 610 |
1 |
|
|a фонетика
|
| 610 |
1 |
|
|a лексика
|
| 610 |
1 |
|
|a грамматика
|
| 610 |
1 |
|
|a упражнения
|
| 610 |
1 |
|
|a разговорная речь
|
| 686 |
|
|
|a Ш143.24-923
|v LBC/SL-A
|2 rubbk
|
| 701 |
|
1 |
|a Шлыкова
|b В. В.
|
| 701 |
|
1 |
|a Соловьян
|b Н. А.
|
| 701 |
|
1 |
|a Кеворкова
|b И. Б.
|
| 701 |
|
1 |
|a Рослова
|b Р. С.
|
| 701 |
|
1 |
|a Гурьянова
|b М. С.
|
| 702 |
|
1 |
|a Цвиллинг
|b М. Я.
|4 340
|
| 801 |
|
0 |
|a RU
|b 63413507
|c 20011209
|g PSBO
|
| 801 |
|
2 |
|a RU
|b 63413507
|c 20180213
|g PSBO
|
| 942 |
|
|
|c BK
|